| 000 | 00000nas 2200000za 4500 |
| 001 | 9.822197 |
| 003 | CaOODSP |
| 005 | 20221107143633 |
| 007 | cr ||||||||||| |
| 008 | 160808c20109999onc x m o f0 |0fre|d |
| 040 | |aCaOODSP|bfre |
| 043 | |an-cn--- |
| 086 | 1 |aD68-8F-PDF |
| 130 | 0 |aScientific literature (R et D pour la défense Canada) |
| 245 | 00|aScientific literature |h[ressource électronique] / |cRecherche et développement pour la Défense Canada. |
| 260 | |a[Ottawa] : |bDéfense nationale, |c[2010?]- |
| 310 | |aIrrégulier |
| 692 | 07|2gccst|aIndustrie de la défense |
| 692 | 07|2gccst|aTechnologie militaire |
| 710 | 1 |aCanada. |bR et D pour la défense Canada. |
| 775 | 08|tScientific literature |w(CaOODSP)9.822195 |